Nommez toutes les compagnies aériennes du monde 2023 - Statistiques

Statistiques générales
  • Ce quiz a été pris 63 fois
  • Le résultat moyen est 10 sur 110
Statistiques - réponses
Hint Réponse % Correct
Air France
94%
Ryanair
49%
E EasyJet
47%
Q Qatar Airways
47%
British Airways
45%
Emirates
43%
American Airlines
36%
D Delta Air Lines
36%
Air Canada
32%
Transavia
25%
Vueling
25%
Alitalia
23%
Wizz Air
23%
Aer Lingus
19%
Brussels Airlines
19%
Qantas Airways
17%
United Airlines
17%
Turkish Airlines
15%
China Airlines
13%
Korean Air
11%
R Royal Air Maroc
11%
Aeromexico
9%
Etihad Airways
9%
Icelandair
9%
Singapore Airlines
9%
Tunis Air
9%
Air Europa
8%
Air Serbia
8%
Air Transat
8%
F Finnair
8%
KLM Royal Dutch Airlines
8%
TUI Fly
8%
A Aegean Airlines
6%
Air Malta
6%
Austrian Airlines
6%
China Eastern Airlines
6%
China Southern Airlines
6%
Egyptair
6%
Eurowings
6%
K Kenya Airways
6%
T TAP Air Portugal
6%
Air Arabia Maroc
4%
Air Astana
4%
Air Baltic
4%
C Cathay Pacific Airways
4%
Croatia Airlines
4%
G Garuda Indonesia
4%
Georgian Airways
4%
​​Germanwings
4%
Iran Air
4%
Kuwait Airways
4%
Middle East Airlines
4%
P Pegasus Airlines
4%
Play
4%
Swiss International Air Lines
4%
V Virgin Atlantic Airways
4%
W WestJet
4%
X Xiamen Airlines
4%
Aeroflot Russian Airlines
2%
Air Berlin
2%
Air China Cargo
2%
Air Moldova
2%
AIS Airlines
2%
Arkia Israel Airlines
2%
Atlantic Airways
2%
B Balkan Holiday Airlines
2%
Belavia
2%
Blue Air
2%
Bulgaria Air
2%
Condor Flugdienst
2%
Corendon Airlines
2%
Corendon Dutch Airlines
2%
Cyprus Airways
2%
Czech Airlines
2%
EasyJet Switzerland
2%
Edelweis Air
2%
El Al Israel Airlines
2%
Estonian Air
2%
EVA Air
2%
I Iberia Express
2%
Iberia Líneas Aéreas de España
2%
Israir
2%
ITA Italia Trasporto Aereo
2%
J Jet2.com
2%
KLM Cityhopper
2%
L LOT Polish Airlines
2%
Lufthansa CityLine
2%
Lufthansa German Airlines
2%
M Malev
2%
N Norwegian Air International
2%
Norwegian Air Shuttle
2%
O Olympic Air
2%
Onur Air
2%
Royal Jordanian Airlines
2%
S S7
2%
SATA Air Açores
2%
SATA Internacional
2%
Saudia Arabian Airlines
2%
Scandinavian Airlines System
2%
SKY express
2%
Sunexpress
2%
Surinam Airways
2%
Tarom
2%
Transavia France
2%
U Ukraine Int. Airlines
2%
UR Airlines
2%
Ural Airlines
2%
Utair
2%
Widerøe
2%
WOW air
2%
Aucun quiz correspondant
Distribution des résultats
% des personnes avec chaque résultat
Percentile par nombre de réponses
Votre historique - résultats
Vous n’avez pas pris ce quiz